Statistics for Murrealueet

Click here to take the quiz!

General Stats

  • This quiz has been taken 3 times
  • The average score is 4 of 7

Answer Stats

Answer% Correct
Lounaismurteet
100%
Savolaismurteet
100%
Hämäläismurteet
50%
Kaakkoismurteet
50%
Peräpohjolan murteet
50%
Etelä-Pohjanmaan murteet
0%
Keski- ja Pohjois-Pohjanmaan murteet
0%

Score Distribution

Percentile by Number Answered

Percent of People with Each Score

Your Score History

You have not taken this quiz